| 000 | 00585nam a2200217 u 4500 | ||
|---|---|---|---|
| 005 | 20210223133749.0 | ||
| 008 | 190226s2008 es r 000 0 spa d | ||
| 020 | _a9788424190064 | ||
| 035 | _aUPN01000229278 | ||
| 049 | _aI | ||
| 050 | 4 |
_aG590 _bH3.6 |
|
| 100 | 1 |
_aHarrison, Ingrid _939035 |
|
| 245 | 1 | 0 |
_aPolo Norte y Polo Sur / _cIngrid Harrison ; tr. Azucena Viloria. |
| 260 |
_aLeón, Esp. : _bEverest, _c2008. |
||
| 300 |
_a23 p. : _bil. col. |
||
| 440 | 0 | _aClaro | |
| 651 | 4 |
_aPOLO NORTE _927524 |
|
| 651 | 4 |
_aPOLO SUR _927525 |
|
| 905 | _aInfantil | ||
| 999 |
_c201373 _d201373 |
||